000 00280nam a22001097a 4500
999 _c12041
_d12041
008 191004b ||||| |||| 00| 0 eng d
020 _6 978-8120340749
_a978-8120340749
082 _a658.15
245 _aFundamentals of Financial Management
250 _a2nd
260 _a PHI
_c2011